Poesía y estilo de la "Noche oscura" / (Record no. 39437)

MARC details
000 -LEADER
campo de control de longitud fija 00513nam a2200169 i 4500
001 - NÚMERO DE CONTROL
campo de control 39437
003 - IDENTIFICADOR DE NÚMERO DE CONTROL
campo de control ES-MaACL
005 - FECHA Y HORA DE LA ÚLTIMA TRANSACCIÓN
campo de control 20230906160000.0
007 - CAMPO FIJO DE DESCRIPCIÓN FÍSICA--INFORMACIÓN GENERAL
campo de control de longitud fija t|
008 - DATOS DE LONGITUD FIJA--INFORMACIÓN GENERAL
campo de control de longitud fija 030303s1943 sp ||||1| spa d
100 1# - ENTRADA PRINCIPAL--NOMBRE DE PERSONA
Nombre de persona Campo, Agustín del.
9 (RLIN) 34189
245 10 - MENCIÓN DEL TÍTULO
Título Poesía y estilo de la "Noche oscura" /
Mención de responsabilidad, etc. Agustín del Campo.
260 ## - PUBLICACIÓN, DISTRIBUCIÓN, ETC.
Lugar de publicación, distribución, etc. Madrid :
Nombre del editor, distribuidor, etc. [s.n.,
Fecha de publicación, distribución, etc. 1943]
300 ## - DESCRIPCIÓN FÍSICA
Extensión 13 h. ;
Dimensiones 25 cm.
500 ## - NOTA GENERAL
Nota general Es separata de: Revista de ideas estéticas (julio-septiembre)
852 ## - LOCALIZACIÓN
Ubicación ES-MaACL
Número de control de estantería 1839-F-23
Sublocalización o colección R.20881
Holdings
Estatus retirado Estado de pérdida Estado de daño No para préstamo Colección Biblioteca de origen Biblioteca actual Ubicación en estantería Fecha de adquisición Fuente de adquisición Total de préstamos Signatura topográfica completa Código de barras Visto por última vez Precio de reemplazo Tipo de ítem Koha
        Colección de folletos Biblioteca del Ateneo de Madrid Biblioteca del Ateneo de Madrid Depósito folletos 17/01/2008     1839-F-23 1041533 23/02/2023 23/02/2023 Folleto